El mundo y las palabras. La alfabetización inicial en los sectores populares
Esta cartilla contiene los resultados del proyecto La alfabetización inicial en los sectores populares donde los autores reflexionan sobre la incidencia de los contextos educativo y familiar en el éxito y el fracaso en el aprendizaje de la lectura y de la escritura.
Guardat en:
| Autor principal: | |
|---|---|
| Altres autors: | |
| Format: | Llibre |
| Idioma: | Spanish |
| Publicat: |
Bogotá:
Instituto para la Investigación Educativa y el Desarrollo Pedagógico, IDEP,
2001.
|
| Matèries: | |
| Accés en línia: | Enlace del recurso |
| Etiquetes: |
Afegir etiqueta
Sense etiquetes, Sigues el primer a etiquetar aquest registre!
|
MARC
| LEADER | 00000nam a2200000 a 4500 | ||
|---|---|---|---|
| 001 | 001410 | ||
| 008 | 041029s2001 ck a fr# o000|0#spa#d | ||
| 020 | |a 958-8018-48-X | ||
| 040 | |a IDEP |b spa | ||
| 041 | 0 | |a spa | |
| 043 | |a s-ck--- | ||
| 082 | 0 | 4 | |a 372.4 |b B265m |2 21 |
| 100 | 1 | |a Bernal, Guillermo | |
| 245 | 1 | 3 | |a El mundo y las palabras. |b La alfabetización inicial en los sectores populares |c Guillermo Bernal y Amanda Núñez |
| 260 | |a Bogotá: |b Instituto para la Investigación Educativa y el Desarrollo Pedagógico, IDEP, |c 2001. | ||
| 300 | |a 23 p.; |b il. |c 23 cm. | ||
| 504 | |a Incluye bibliografía. | ||
| 520 | 3 | |a Esta cartilla contiene los resultados del proyecto La alfabetización inicial en los sectores populares donde los autores reflexionan sobre la incidencia de los contextos educativo y familiar en el éxito y el fracaso en el aprendizaje de la lectura y de la escritura. | |
| 650 | 1 | 4 | |a ENSEÑANZA DE LA LECTURA -- |z COLOMBIA |
| 650 | 1 | 4 | |a ENSEÑANZA DE LA ESCRITURA -- |z COLOMBIA |
| 700 | 1 | |a Núñez, Amanda | |
| 999 | |c 3562 |d 3562 | ||
| 856 | |u https://catalogo.idep.edu.co/cgi-bin/koha/opac-detail.pl?biblionumber=3562 |z Enlace del recurso | ||